000 00857am a2200277a 44500
003 AR-BaBNM
005 20251128210904.0
008 151020s2001 #AR|||||||||||000 | esp||
020 _a950-550-284-2
040 _cAR-BaBNM
100 1 _aSantos Guerra, Miguel Angel
245 1 0 _aUna tarea contradictoria
_beducar para los valores y preparar para la vida
260 _aBuenos Aires
_bMagisterio del Río de la Plata
_c2001
300 _a281 p.
_btablas
490 0 _aRespuestas educativas
504 _aContiene referencias bibliográficas p. 281-282
650 4 _aPAPEL DE LA ESCUELA
650 4 _aPARTICIPACION
653 _aEDUCACION EN VALORES
653 _aINSTITUCIONES EDUCATIVAS
653 _aEDUCACION PARA LA CONVIVENCIA
653 _aGENERO
800 1 _aStarico de Accomo, Mabel N.
_edirector
942 _cBK
998 _cRAQUEL
999 _c17314
_d17314